Společensky odpovědný cestovní ruch

Saved in:
Bibliographic Details
Main Author: Pásková, Martina
Other Authors: Zelenka, Josef
Format: Book
Language:Czech
Published: Praha IDEA SERVIS 2018
Edition:1. vydání
Subjects:
Tags: Add Tag
No Tags, Be the first to tag this record!

MARC

LEADER 00000nam a2200000 4500
001 0258373
005 20221220065854.7
020 |a 978-80-85970-91-3 
041 0 |a cze 
044 |a CZ 
245 1 0 |a Společensky odpovědný cestovní ruch  |c Martina Pásková, Josef Zelenka ; recenzenti: Petr Šauer, Pavel Nováček, Jaroslav Kacetl 
250 |a 1. vydání 
264 1 |a Praha  |b IDEA SERVIS  |c 2018 
300 |a 190 s. 
610 2 0 |a ruch cestovný 
610 2 0 |a zodpovednosť podniku spoločenská 
610 2 0 |a ochrana prostredia životného 
610 2 0 |a politika sociálna 
610 2 0 |a politika environmentálna 
610 2 0 |a politika hospodárska 
610 2 0 |a spolupráca medzinárodná 
610 2 0 |a normy 
610 2 0 |a kódexy 
610 2 0 |a Európska únia 
100 1 |a Pásková, Martina 
700 1 |a Zelenka, Josef